<?xml version="1.0" encoding="UTF-8"?>
<record
    xmlns:xsi="http://www.w3.org/2001/XMLSchema-instance"
    xsi:schemaLocation="http://www.loc.gov/MARC21/slim http://www.loc.gov/standards/marcxml/schema/MARC21slim.xsd"
    xmlns="http://www.loc.gov/MARC21/slim">

  <leader>00450nam a2200133Ia 4500</leader>
  <controlfield tag="008">260210s9999    xx            000 0 und d</controlfield>
  <datafield tag="024" ind1=" " ind2=" ">
    <subfield code="a">15B-17-EL, 15B-38-EL, 15B-41-EL &amp;amp;amp; 15B-90-EL</subfield>
  </datafield>
  <datafield tag="082" ind1=" " ind2=" ">
    <subfield code="a">629.8072 SYE</subfield>
  </datafield>
  <datafield tag="100" ind1=" " ind2=" ">
    <subfield code="a">Syed Ather Rizvi, Urooj Hanif, Sabih-ur-Rehman &amp;amp; Sharoon Johnson</subfield>
  </datafield>
  <datafield tag="245" ind1=" " ind2="0">
    <subfield code="a">IoT Based PLC Trainer</subfield>
  </datafield>
  <datafield tag="260" ind1=" " ind2=" ">
    <subfield code="a">Karachi:</subfield>
    <subfield code="b">UITU,</subfield>
    <subfield code="c">2015</subfield>
  </datafield>
  <datafield tag="600" ind1=" " ind2=" ">
    <subfield code="a">Electronic Engineering</subfield>
  </datafield>
  <datafield tag="650" ind1=" " ind2=" ">
    <subfield code="a">Bachelor of Engineering (BE)</subfield>
  </datafield>
  <datafield tag="999" ind1=" " ind2=" ">
    <subfield code="c">33240</subfield>
    <subfield code="d">33240</subfield>
  </datafield>
</record>
